Vainqueurs de la Coupe du monde de ski alpin (hommes) - Statistiques

Statistiques générales
  • Ce quiz a été pris 873 fois
    827 depuis la dernière actualisation
  • Le résultat moyen est 9 sur 26
Statistiques - réponses
Année Pays Athlète % Correct
2021
Flag of France
Alexis Pinturault
91%
2019 Flag of Austria Marcel Hirscher
86%
2022
Flag of Switzerland
Marco Odermatt
85%
2020 Flag of Norway Aleksander Aamodt Kilde
62%
2008
Flag of the United States
Bode Miller
55%
1997
Flag of France
Luc Alphand
48%
1968
Flag of France
Jean-Claude Killy
46%
2009 Flag of Norway Aksel Lund Svindal
43%
1995 Flag of Italy Alberto Tomba
42%
2011 Flag of Croatia Ivica Kostelić
42%
2004 Flag of Austria Hermann Maier
41%
2010
Flag of Switzerland
Carlo Janka
35%
1978 Flag of Sweden Ingemar Stenmark
35%
1990 Flag of Switzerland Pirmin Zurbriggen
31%
1994 Flag of Norway Kjetil André Aamodt
26%
1993 Flag of Luxembourg Marc Girardelli
22%
2006 Flag of Austria Benjamin Raich
18%
1999 Flag of Norway Lasse Kjus
12%
2003 Flag of Austria Stephan Eberharter
11%
1992
Flag of Switzerland
Paul Accola
7%
1983
Flag of the United States
Phil Mahre
7%
1973 Flag of Italy Gustav Thöni
6%
1980 Flag of Liechtenstein Andreas Wenzel
5%
1974 Flag of Italy Piero Gros
5%
1970 Flag of Austria Karl Schranz
4%
1979
Flag of Switzerland
Peter Lüscher
3%
Aucun quiz correspondant
Distribution des résultats
% des personnes avec chaque résultat
Percentile par nombre de réponses
Votre historique - résultats
Vous n’avez pas pris ce quiz depuis la dernière actualisation